| 000 -ლიდერი |
| ფიქსირებული სიგრძის საკონტროლო ველი |
00860nam a2200181 4500 |
| 003 - საკონტროლო ნომრის იდენტიფიკატორი |
| საკონტროლო ველი |
Ge_BSU |
| 005 - ბოლო ოპერაციის თარიღი და დრო |
| საკონტროლო ველი |
20260113182317.0 |
| 008 - ფიქსირებული სიგრძის მონაცემთა ელემენტები - ზოგადი ინფორმაცია |
| ფიქსირებული სიგრძის საკონტროლო ველი |
260113s1972 ge ||||| |||| 00| 0 geo d |
| 041 ## - ენის კოდი |
| Language code of text/sound track or separate title |
geo |
| 080 ## - უნივერსალური ათობითი კლასიფიკაციის ინდექსი |
| Universal Decimal Classification number |
911.3:33(517) ნ-38 |
| 100 ## - მთავარი ჩანაწერი - პიროვნების სახელი |
| Personal name |
ნაჭყებია, ნოდარ |
| 9 (RLIN) |
26663 |
| 245 ## - ცნობა სათაურის შესახებ |
| Title |
მონგოლეთის სახალხო რესპუბლიკა : |
| Remainder of title |
ეკონომიურ-გეოგრაფიული დახასიათება / |
| Statement of responsibility, etc |
ნოდარ ნაჭყებია. |
| 264 ## - წარმოების, გამოცემის, დისტრიბუციის და სხვა ცნობები |
| გამოცემის, წარმოების, დისტრიბუციის... ადგილი |
თბილისი : |
| გამოცემის, წარმოების, დისტრიბუციის... სახელწოდება |
საბჭ. საქართველო, |
| გამოცემის, წარმოების, დისტრიბუციის... თარიღი |
1972. |
| 300 ## - ფიზიკური აღწერა |
| Extent |
110 გვ. : |
| Other physical details |
ილ. 6 ფ. ილ. ; |
| Dimensions |
16 სმ. |
| 600 ## - SUBJECT ADDED ENTRY--PERSONAL NAME |
| Personal name |
|
| 9 (RLIN) |
26664 |
| 653 ## - INDEX TERM--UNCONTROLLED |
| Uncontrolled term |
მონღოლეთის ეკონომიკური გეოგრაფია. |
| 942 ## - ADDED ENTRY ELEMENTS (KOHA) |
| Source of classification or shelving scheme |
|
| Koha item type |
წიგნი |